Kura-kura dan Bangau serta cerita-cerita lain

Bibliographic Details
Main Author: Harpreet Kaur
Other Authors: Fatimah Abdul Nasir, Haslinda Hashim, Nur Syafiqa Yusoff, Shashi Shekhar Pintu
Format: Book
Published: Selangor : Edukid Publication Sdn. Bhd , 2017
Series:Siri cerita haiwan terbaik
Subjects:

MARC

LEADER 00000cam a2200000 7i4500
001 0000075520
005 20220105104255.0
008 170920
020 |a 9789673644391 
041 0 |a Malay 
090 0 0 |a JP MOR   |b MAL 
100 1 |a Harpreet Kaur 
245 0 0 |a Kura-kura dan Bangau serta cerita-cerita lain   |c Harpreet Kaur; editor Haslinda Hashim, Nur Syafiqa Yusoff & Fatimah Abdul Nasir; illustrator Shashi Shekhar Pintu 
260 |a Selangor :   |b Edukid Publication Sdn. Bhd ,   |c 2017 
300 |a 15p. : :   |b ill. col. ; ;   |c 23cm. 
490 1 |a Siri cerita haiwan terbaik 
500 |a Children age 4-6 years old (yellow) 
541 0 0 |c Purchased on 2017 
650 0 |a Children stories, Malay 
650 0 |a Moral 
700 0 |a Fatimah Abdul Nasir 
700 0 |a Haslinda Hashim 
700 0 |a Nur Syafiqa Yusoff 
700 1 |a Shashi Shekhar Pintu 
999 |a 0001471725   |b Book   |c Children Collection   |e Cawangan Tangkak 
999 |a 0001471726   |b Book   |c Children Collection   |e Cawangan Bukit Gambir 
999 |a 0001471728   |b Book   |c Children Collection   |e Cawangan Mersing 
999 |a 0001471729   |b Book   |c Children Collection   |e Cawangan Segamat 
999 |a 0001471730   |b Book   |c Children Collection   |e Cawangan Kota Tinggi 
999 |a 0001471731   |b Book   |c Children Collection   |e Cawangan Taman Sri Lambak 
999 |a 0001471732   |b Book   |c Children Collection   |e Cawangan Bandar Tenggara 
999 |a 0001471733   |b Book   |c Children Collection   |e Cawangan Tmn. Ungku Tun Aminah 
999 |a 0001471734   |b Book   |c Children Collection   |e Cawangan Pontian 
999 |a 0001471735   |b Book   |c Children Collection   |e Cawangan Bandar Penawar 
999 |a 0001471736   |b Book   |c Children Collection   |e Cawangan Sri Merlong 
999 |a 0001471737   |b Book   |c Children Collection   |e Cawangan Muar 
999 |a 0001471738   |b Book   |c Children Collection   |e Cawangan Taman Universiti 
999 |a 0001473941   |b Book   |c Children Collection   |e Perbadanan Perpustakaan Awam Johor 
999 |a 0001473942   |b Book   |c Children Collection   |e Cawangan Urban Transformation Centre 
999 |a 001473942   |b Book   |c Children Collection   |e Cawangan Urban Transformation Centre